Statistiken für Ostseeländer

Klicken Sie hier um das Quiz zu spielen!

Allgemein

  • Dieses Quiz wurde 3.912 mal gespielt
  • Das Durchschnittsergebnis liegt bei 9 aus 9

Antwortstatistiken

Land% Korrekt
Deutschland
99%
Finnland
98%
Schweden
98%
Dänemark
97%
Estland
97%
Polen
97%
Lettland
96%
Litauen
95%
Russland
95%

Verteilung der Resultate

Perzentil nach korrekt beantworteten Fragen

Anzahl Personen mit jedem Resultat

Ihre Resultats-Entwicklung

Sie haben dieses Quiz noch nicht gespielt